[Event "4NCL Online Division 7"]
[Site "online"]
[Date "2021.04.06"]
[EventDate "2021.04.06"]
[Round "6.274"]
[White "Leake, John"]
[WhiteElo "1303"]
[WhiteTeam "Wantage B"]
[Black "Bedretdinov, Rasul"]
[BlackElo "917"]
[BlackTeam "MHJ Knights"]
[Result "1-0"]
[PlyCount "113"]

1. e4 e5 2. Nf3 Nc6 3. d4 exd4 4. Nxd4 Bc5 5. Nxc6 Qf6 6. Qf3 Qe6 7. Nd8 Kxd8 8. Nc3 Nf6 9. Bd3 d5 10. O-O dxe4 11. Nxe4 Nxe4 12. Bxe4 Rb8 13. Bg5+ f6 14. Bh4 Bd6 15. Bg3 Bxg3 16. hxg3 g6 17. Rfe1 f5 18. Bd5 Qf6 19. c3 c6 20. Bb3 Bd7 21. Rad1 Qg7 22. Qf4 Rc8 23. Be6 Rc7 24. Bb3 Kc8 25. Qg5 Rd8 26. Re7 Qh8 27. Qh6 Qf6 28. Rxh7 Be6 29. Rxd8+ Kxd8 30. Rh8+ Kd7 31. Rh7+ Kd6 32. Qd2+ Bd5 33. Qf4+ Kc5 34. Rxc7 Be4 35. Rxb7 g5 36. Qe3+ Kd6 37. Qd4+ Qxd4 38. cxd4 f4 39. gxf4 gxf4 40. Rxa7 c5 41. dxc5+ Kxc5 42. Bf7 f3 43. g3 Bd5 44. Bxd5 Kxd5 45. g4 Ke5 46. Rf7 Ke6 47. Rf8 Ke7 48. Rf4 Ke6 49. g5 Ke5 50. Rf8 Ke6 51. g6 Ke7 52. Rf7+ Ke8 53. b4 Kd8 54. b5 Ke8 55. b6 Kd8 56. b7 Ke8 57. b8=R# 1-0

[Event "4NCL Online Division 7"]
[Site "online"]
[Date "2021.04.06"]
[EventDate "2021.04.06"]
[Round "6.281"]
[White "Bucchi, Andrea"]
[WhiteElo "1559"]
[WhiteTeam "Wessex Some Stars G"]
[Black "Angelopoulos, Andreas"]
[BlackElo "1509"]
[BlackTeam "Barnet Knights D"]
[Result "1/2-1/2"]
[PlyCount "82"]

1. e4 c5 2. Nf3 d6 3. d4 cxd4 4. Nxd4 Nf6 5. Nc3 g6 6. Bc4 Bg7 7. O-O O-O 8. Re1 Nc6 9. Be3 Bd7 10. Qd2 Rc8 11. Bb3 Ng4 12. Nxc6 Bxc6 13. Bd4 Nf6 14. Rad1 e6 15. Bxf6 Bxf6 16. Qxd6 Qxd6 17. Rxd6 Rfd8 18. Red1 Rxd6 19. Rxd6 Bxc3 20. bxc3 Bxe4 21. f3 Bd5 22. Bxd5 exd5 23. Rxd5 Rxc3 24. Rb5 Rxc2 25. Rxb7 Rxa2 26. h4 a5 27. Ra7 Kg7 28. Kh2 a4 29. Kh3 h5 30. Ra5 a3 31. g4 hxg4+ 32. fxg4 Ra1 33. Kg3 a2 34. Kg2 Kf6 35. Ra6+ Ke5 36. Ra5+ Kd4 37. h5 gxh5 38. gxh5 Rb1 39. Rxa2 Rb5 40. Ra4+ Ke5 41. h6 Rb8 1/2-1/2

[Event "4NCL Online Division 7"]
[Site "online"]
[Date "2021.04.06"]
[EventDate "2021.04.06"]
[Round "6.282"]
[White "Oh, Julie"]
[WhiteElo "1503"]
[WhiteTeam "Barnet Knights D"]
[Black "Peacock, Christopher D"]
[BlackElo "1495"]
[BlackTeam "Wessex Some Stars G"]
[Result "0-1"]
[PlyCount "64"]

1. e4 e6 2. d4 d5 3. e5 c5 4. Nc3 cxd4 5. Qxd4 Nc6 6. Bb5 Bd7 7. Bxc6 bxc6 8. f4 c5 9. Qf2 Nh6 10. Nge2 Be7 11. O-O Rc8 12. b3 Qc7 13. Bb2 O-O 14. h3 Nf5 15. Kh1 Bc6 16. Nd1 d4 17. Kh2 Nh4 18. Rg1 Qb7 19. Ng3 f6 20. exf6 Rxf6 21. Nh5 Rg6 22. Ng3 Rf8 23. Bc1 Qc7 24. Nb2 Bd6 25. Nd3 Bb5 26. Ne4 Bxd3 27. cxd3 Bxf4+ 28. Bxf4 Rxf4 29. Qe2 Rxe4+ 30. g3 Rxe2+ 31. Kh1 Qc6+ 32. Rg2 Qxg2# 0-1

[Event "4NCL Online Division 7"]
[Site "online"]
[Date "2021.04.06"]
[EventDate "2021.04.06"]
[Round "6.283"]
[White "Blythe, Douglas"]
[WhiteElo "1457"]
[WhiteTeam "Wessex Some Stars G"]
[Black "Gardner, Kai"]
[BlackElo "1374"]
[BlackTeam "Barnet Knights D"]
[Result "1-0"]
[PlyCount "71"]

1. c4 e5 2. Nc3 Nf6 3. g3 Bc5 4. Bg2 d6 5. e3 Nc6 6. Nf3 Bg4 7. h3 Bh5 8. g4 Bg6 9. d4 exd4 10. exd4 Bb4 11. O-O O-O 12. Bg5 Bxc3 13. bxc3 h6 14. Bh4 Re8 15. Re1 Qd7 16. Bxf6 gxf6 17. Qb3 b6 18. Nd2 Kh7 19. Qb5 Rg8 20. Qxc6 Qxc6 21. Bxc6 Rad8 22. Re7 f5 23. f3 h5 24. g5 h4 25. f4 Kh8 26. Rae1 Bh5 27. Re8 f6 28. Rxd8 Rxd8 29. Re6 Kg7 30. Rxf6 Rf8 31. Rxf8 Kxf8 32. Kf2 Kf7 33. a4 a5 34. Nf3 Bg6 35. Nxh4 Bh7 36. Bd7 1-0

[Event "4NCL Online Division 7"]
[Site "online"]
[Date "2021.04.06"]
[EventDate "2021.04.06"]
[Round "6.284"]
[White "Scott, Jane"]
[WhiteElo "1356"]
[WhiteTeam "Barnet Knights D"]
[Black "Cuthbert, Larissa"]
[BlackElo "1429"]
[BlackTeam "Wessex Some Stars G"]
[Result "1-0"]
[PlyCount "63"]

1. e4 e6 2. d4 d5 3. Nc3 Nf6 4. Bd3 Be7 5. Nf3 c5 6. O-O Nc6 7. dxc5 Bxc5 8. Bg5 Be7 9. exd5 exd5 10. Bb5 O-O 11. Bxf6 Bxf6 12. Nxd5 Bxb2 13. Rb1 Bf6 14. Nxf6+ Qxf6 15. Re1 Bg4 16. Rb3 Nd4 17. Qxd4 Qg6 18. Ne5 Rfe8 19. Nxg6 Rxe1+ 20. Bf1 Be2 21. h3 Rxf1+ 22. Kh2 hxg6 23. Qe3 Bc4 24. Rxb7 Bd5 25. Rd7 Bxa2 26. Qe2 Rb1 27. c4 Bb3 28. Qe4 Bxc4 29. Qxa8+ Kh7 30. Qe4 Ba2 31. Qh4+ Kg8 32. Rd8# 1-0

[Event "4NCL Online Division 7"]
[Site "online"]
[Date "2021.04.06"]
[EventDate "2021.04.06"]
[Round "6.291"]
[White "Orija, Olusegun"]
[WhiteElo "1400"]
[WhiteTeam "Streatham C"]
[Black "Triffitt, Bradley"]
[BlackElo "1549"]
[BlackTeam "St Andrews White Cross 2"]
[Result "0-1"]
[PlyCount "90"]

1. e4 c5 2. Nf3 Nc6 3. c3 Qa5 4. g3 g6 5. Bg2 Bg7 6. O-O d6 7. h3 Nf6 8. Re1 Qc7 9. d3 O-O 10. Be3 Nd7 11. Nbd2 Nde5 12. Nf1 Nxf3+ 13. Qxf3 Ne5 14. Qd1 Bd7 15. Rc1 Qa5 16. a3 Bb5 17. c4 Bd7 18. Rb1 Nc6 19. Bd2 Qc7 20. Qc1 Nd4 21. b4 b6 22. h4 h5 23. Bh6 Bg4 24. f3 Bxf3 25. Rb2 Bxg2 26. Kxg2 Qd7 27. Bxg7 Kxg7 28. Qf4 e5 29. Qf2 f5 30. exf5 Rxf5 31. Qe3 Raf8 32. Nh2 Qb7+ 33. Qe4 Qa6 34. bxc5 Qxa3 35. Reb1 Qxc5 36. g4 Rf4 37. Qb7+ R8f7 38. Qb8 hxg4 39. Ra1 Qc6+ 40. Kg1 Nf3+ 41. Nxf3 Qxf3 42. Qxd6 Qe3+ 43. Kh1 Qh3+ 44. Rh2 Rf1+ 45. Rxf1 Rxf1# 0-1

[Event "4NCL Online Division 7"]
[Site "online"]
[Date "2021.04.06"]
[EventDate "2021.04.06"]
[Round "6.292"]
[White "Bettley, Mark S"]
[WhiteElo "1557"]
[WhiteTeam "St Andrews White Cross 2"]
[Black "Adatia, Amar"]
[BlackElo "1373"]
[BlackTeam "Streatham C"]
[Result "1/2-1/2"]
[PlyCount "178"]

1. e4 c5 2. Nf3 d6 3. d4 cxd4 4. Nxd4 Nf6 5. Nc3 a6 6. Bc4 e6 7. Bb3 b5 8. a3 Bb7 9. f3 Nbd7 10. Be3 Be7 11. O-O O-O 12. Bxe6 fxe6 13. Nxe6 Qc8 14. Nxf8 Qxf8 15. Qd2 Ne5 16. Bf2 Nc4 17. Qc1 d5 18. exd5 Nxd5 19. Nxd5 Bxd5 20. Rb1 Rc8 21. Qd1 Bf7 22. Re1 Bc5 23. Qe2 Re8 24. Bxc5 Qxc5+ 25. Qf2 Rxe1+ 26. Rxe1 Qxf2+ 27. Kxf2 Nxb2 28. Re7 Nc4 29. Ra7 Bg6 30. Rxa6 Bxc2 31. Ra7 Ba4 32. Ke2 Nxa3 33. Kd3 Nc4 34. Kc3 h6 35. Kb4 Kh7 36. Ra6 Ne3 37. g4 Nf1 38. h3 Nd2 39. f4 Ne4 40. Re6 Nf2 41. Re3 Nd1 42. Re6 Nb2 43. f5 Nd3+ 44. Kc3 Nf4 45. Rd6 Nxh3 46. f6 gxf6 47. Rxf6 Bd1 48. Kb4 Bxg4 49. Rxh6+ Kxh6 50. Kxb5 Kg5 51. Kc5 Kf5 52. Kd5 Nf4+ 53. Kc5 Bf3 54. Kc4 Ke4 55. Kc5 Nd3+ 56. Kc4 Bg4 57. Kc3 Be6 58. Kd2 Kd4 59. Kc2 Nb4+ 60. Kd2 Bg4 61. Kc1 Kc3 62. Kb1 Bf3 63. Kc1 Nd3+ 64. Kb1 Bd5 65. Ka1 Kb3 66. Kb1 Be4 67. Ka1 Kc2 68. Ka2 Bc6 69. Ka1 Ne5 70. Ka2 Nc4 71. Ka1 Kc1 72. Ka2 Kc2 73. Ka1 Kb3 74. Kb1 Ne5 75. Ka1 Nd3 76. Kb1 Nb4 77. Ka1 Bf3 78. Kb1 Nc2 79. Kc1 Kc3 80. Kb1 Bd5 81. Kc1 Na3 82. Kd1 Kd3 83. Kc1 Bf3 84. Kb2 Nc4+ 85. Kc1 Be2 86. Kb1 Kc3 87. Kc1 Bf3 88. Kb1 Nd2+ 89. Ka1 Bd5 1/2-1/2

[Event "4NCL Online Division 7"]
[Site "online"]
[Date "2021.04.06"]
[EventDate "2021.04.06"]
[Round "6.293"]
[White "Isaacs, Ruairi"]
[WhiteElo "1338"]
[WhiteTeam "Streatham C"]
[Black "Wilson, Bryan"]
[BlackElo "1495"]
[BlackTeam "St Andrews White Cross 2"]
[Result "0-1"]
[PlyCount "68"]

1. e4 e5 2. Nf3 Nc6 3. Bc4 h6 4. c3 d6 5. d4 Nf6 6. Be3 Be7 7. Nbd2 O-O 8. O-O Ng4 9. h3 Nxe3 10. fxe3 Bf6 11. d5 Ne7 12. Be2 c6 13. Nb3 Qb6 14. Qd2 cxd5 15. exd5 Nf5 16. Ne1 Qxe3+ 17. Qxe3 Nxe3 18. Rf3 Nxd5 19. Bc4 Nb6 20. Nc2 Nxc4 21. Rb1 Be6 22. Ne3 Nxe3 23. Rxe3 Rac8 24. Ree1 Bf5 25. Rbd1 Be7 26. Rc1 b6 27. Rf1 Bd3 28. Rfd1 Be4 29. Re1 Bb7 30. Red1 Rc6 31. Re1 Bg5 32. Rcd1 Bh4 33. Rf1 Ba6 34. Rf3 Be2 0-1

[Event "4NCL Online Division 7"]
[Site "online"]
[Date "2021.04.06"]
[EventDate "2021.04.06"]
[Round "6.294"]
[White "Stamp, Edward"]
[WhiteElo "1473"]
[WhiteTeam "St Andrews White Cross 2"]
[Black "McNeil, Eric Dylan"]
[BlackElo "1004"]
[BlackTeam "Streatham C"]
[Result "1-0"]
[PlyCount "133"]

1. d4 d5 2. c4 e6 3. cxd5 exd5 4. Nc3 Nf6 5. Nf3 Be7 6. Bg5 O-O 7. Bxf6 Bxf6 8. e3 c6 9. Bd3 Nd7 10. O-O Re8 11. Qc2 h6 12. Rfe1 c5 13. Nxd5 cxd4 14. Nxf6+ Nxf6 15. Nxd4 b6 16. Rad1 Qe7 17. Nf5 Bxf5 18. Bxf5 g6 19. Bd3 Rac8 20. Qd2 Red8 21. f3 Qd6 22. e4 Nd7 23. Qxh6 Ne5 24. Be2 Qc5+ 25. Kh1 Rxd1 26. Rxd1 Qc2 27. Qd2 Qc7 28. Ba6 Re8 29. Rc1 Qe7 30. Rc8 Rxc8 31. Bxc8 Kg7 32. Qc3 f6 33. Ba6 Qd7 34. Be2 a6 35. f4 Ng4 36. Qe1 Ne3 37. h3 b5 38. Kh2 Qd4 39. Bf3 Nc2 40. Qc1 Qf2 41. Qd1 Ne1 42. Qe2 Qh4 43. g3 Nxf3+ 44. Qxf3 Qh8 45. e5 Qg8 46. Qb7+ Qf7 47. Qxf7+ Kxf7 48. exf6 Kxf6 49. b4 Kf5 50. Kg2 Ke4 51. Kf2 Kd3 52. h4 Kc3 53. h5 gxh5 54. f5 Kxb4 55. f6 Ka3 56. f7 Kxa2 57. f8=Q a5 58. Qc5 b4 59. Qxa5+ Kb3 60. Qxh5 Kc2 61. Qc5+ Kb3 62. Ke2 Ka3 63. Kd2 Kb3 64. Kc1 Ka2 65. Qc2+ Ka3 66. Qb2+ Ka4 67. g4 1-0

[Event "4NCL Online Division 7"]
[Site "online"]
[Date "2021.04.06"]
[EventDate "2021.04.06"]
[Round "6.301"]
[White "Warren, Archie"]
[WhiteElo "1367"]
[WhiteTeam "Farnham C"]
[Black "Colm, O'Hara"]
[BlackElo "1892"]
[BlackTeam "BCC Dinosaurs"]
[Result "1-0"]
[PlyCount "57"]

1. d4 f5 2. g3 e6 3. c4 c6 4. d5 Qc7 5. Bg2 Nf6 6. b3 Bb4+ 7. Bd2 Bc5 8. Bc3 Qb6 9. e3 O-O 10. d6 Ne4 11. Bxe4 fxe4 12. Nh3 Na6 13. Nf4 Nb4 14. O-O a5 15. Qg4 g6 16. Nxg6 Kf7 17. Nh8+ Ke8 18. Qh5+ Kd8 19. Nf7+ Rxf7 20. Qxf7 Bxd6 21. Qxh7 Nc2 22. Nd2 Nxa1 23. Bxa1 Bc5 24. Nxe4 Bxe3 25. Qg8+ Kc7 26. Be5+ d6 27. Bxd6+ Kd7 28. Qf7+ Kd8 29. Qe7# 1-0

[Event "4NCL Online Division 7"]
[Site "online"]
[Date "2021.04.06"]
[EventDate "2021.04.06"]
[Round "6.302"]
[White "Evans, Damian"]
[WhiteElo "1510"]
[WhiteTeam "BCC Dinosaurs"]
[Black "Franklin, Tony"]
[BlackElo "1266"]
[BlackTeam "Farnham C"]
[Result "1-0"]
[PlyCount "111"]

1. d4 e6 2. Nf3 Nf6 3. Bg5 h6 4. Bh4 d5 5. e3 Nbd7 6. Bd3 c5 7. c3 c4 8. Bc2 Qb6 9. b3 g5 10. Bg3 Nh5 11. Be5 f6 12. Bg6+ Kd8 13. Bxh5 Nxe5 14. dxe5 f5 15. O-O Qa6 16. Nbd2 Bd7 17. bxc4 Ba4 18. Qe2 Rc8 19. Qd3 Bc5 20. Nd4 Bxd4 21. exd4 Bd7 22. Rfb1 dxc4 23. Qe2 b5 24. h3 Qb7 25. Nxc4 Qe4 26. Qxe4 fxe4 27. Nd6 Rxc3 28. Nf7+ Ke7 29. Nxh8 Rd3 30. Rd1 Rc3 31. Kh2 a5 32. h4 b4 33. hxg5 hxg5 34. Rac1 Ra3 35. Rd2 a4 36. Ng6+ Kd8 37. Nf8 Bc8 38. Bf7 e3 39. fxe3 Rxe3 40. Bxe6 Bb7 41. d5 b3 42. axb3 axb3 43. Ng6 Re4 44. Rb1 g4 45. Rxb3 Bc8 46. Rb8 Rc4 47. Bxc8 Rxc8 48. Rxc8+ Kxc8 49. d6 Kd7 50. Kg3 Ke6 51. d7 Kf5 52. d8=Q Ke4 53. Qd4+ Kf5 54. Nh4+ Kg5 55. Qxg4+ Kh6 56. Qg6# 1-0

[Event "4NCL Online Division 7"]
[Site "online"]
[Date "2021.04.06"]
[EventDate "2021.04.06"]
[Round "6.303"]
[White "Warnock, Oliver"]
[WhiteElo "1258"]
[WhiteTeam "Farnham C"]
[Black "Reis, David"]
[BlackElo "1411"]
[BlackTeam "BCC Dinosaurs"]
[Result "0-1"]
[PlyCount "106"]

1. d4 d5 2. c4 c6 3. Nc3 Bf5 4. Nf3 e6 5. Bf4 dxc4 6. e3 Bb4 7. Qd2 Nf6 8. Bxc4 Ne4 9. O-O Nxc3 10. bxc3 Ba5 11. Ne5 Bc7 12. Bd3 Bxd3 13. Nxd3 Nd7 14. Rab1 b6 15. Bxc7 Qxc7 16. c4 Rd8 17. Qc3 O-O 18. e4 c5 19. dxc5 Nxc5 20. Nxc5 Qxc5 21. Rb5 Qd4 22. Rb3 Qxe4 23. Re1 Qd4 24. Qxd4 Rxd4 25. Rc1 Rc8 26. Rbc3 b5 27. h3 Rdxc4 28. Rxc4 Rxc4 29. Rxc4 bxc4 30. Kf1 f5 31. Ke2 e5 32. Kd2 Kf7 33. Kc3 Ke6 34. Kxc4 g5 35. Kc5 h5 36. a4 f4 37. Kc6 g4 38. hxg4 hxg4 39. Kb7 e4 40. a5 e3 41. fxe3 fxe3 42. Kxa7 e2 43. Kb7 e1=Q 44. a6 Qb4+ 45. Kc7 Qa5+ 46. Kb7 Qd5+ 47. Kb6 Qxg2 48. a7 Qa8 49. Ka6 g3 50. Kb6 g2 51. Ka6 g1=Q 52. Kb5 Qb7+ 53. Ka5 Qgxa7# 0-1

[Event "4NCL Online Division 7"]
[Site "online"]
[Date "2021.04.06"]
[EventDate "2021.04.06"]
[Round "6.304"]
[White "Gartlan, Thomas"]
[WhiteElo "700"]
[WhiteTeam "BCC Dinosaurs"]
[Black "Warren, Orla"]
[BlackElo "1186"]
[BlackTeam "Farnham C"]
[Result "1/2-1/2"]
[PlyCount "45"]

1. g3 d5 2. Nf3 Nc6 3. Bg2 e5 4. d3 Be6 5. O-O Bc5 6. Nc3 Nge7 7. e3 Qd7 8. d4 exd4 9. exd4 Bb6 10. Re1 Bh3 11. Ng5 Bxg2 12. Kxg2 Bxd4 13. Qf3 O-O 14. Qd3 Qf5 15. Qxf5 Nxf5 16. Nxd5 Rfe8 17. Rxe8+ Rxe8 18. Nxc7 Re1 19. Nf3 Rd1 20. Nxd4 Nfxd4 21. c3 Nc2 22. Rb1 Na5 23. b3 1/2-1/2

[Event "4NCL Online Division 7"]
[Site "online"]
[Date "2021.04.06"]
[EventDate "2021.04.06"]
[Round "6.311"]
[White "Fisher, Peter"]
[WhiteElo "1622"]
[WhiteTeam "Far, Far Away"]
[Black "Buckingham, Michael J"]
[BlackElo "1592"]
[BlackTeam "Redbridge All Sorts 4"]
[Result "1-0"]
[PlyCount "63"]

1. e4 c5 2. Nf3 d6 3. d4 cxd4 4. Nxd4 Nf6 5. Nc3 a6 6. a4 e6 7. Be2 Be7 8. O-O O-O 9. Be3 b6 10. Qd2 Bb7 11. f3 d5 12. e5 Nfd7 13. f4 Qc7 14. Na2 Rd8 15. c3 Nc5 16. Qd1 Nbd7 17. Nb4 Ne4 18. Nd3 Ndc5 19. Nf2 Nxf2 20. Bxf2 Ne4 21. Be3 Bc5 22. Rf3 Rab8 23. Bd3 Rbc8 24. Qe2 Ra8 25. Rh3 b5 26. Qh5 h6 27. Qg4 f5 28. exf6 Nxf6 29. Qg3 Bc8 30. Rxh6 Kf8 31. Rh8+ Ke7 32. Qxg7+ 1-0

[Event "4NCL Online Division 7"]
[Site "online"]
[Date "2021.04.06"]
[EventDate "2021.04.06"]
[Round "6.312"]
[White "White, Nigel"]
[WhiteElo "1414"]
[WhiteTeam "Redbridge All Sorts 4"]
[Black "Smith, Jonathan"]
[BlackElo "1392"]
[BlackTeam "Far, Far Away"]
[Result "1-0"]
[PlyCount "23"]

1. e4 e5 2. Nf3 Nc6 3. Bc4 Bc5 4. b4 Bxb4 5. c3 Be7 6. d4 exd4 7. cxd4 d6 8. Qb3 Nh6 9. Bxh6 gxh6 10. Bxf7+ Kf8 11. Bh5 d5 12. exd5 1-0

[Event "4NCL Online Division 7"]
[Site "online"]
[Date "2021.04.06"]
[EventDate "2021.04.06"]
[Round "6.313"]
[White "Evans, Alf"]
[WhiteElo "1335"]
[WhiteTeam "Far, Far Away"]
[Black "Segat, Davide"]
[BlackElo "1292"]
[BlackTeam "Redbridge All Sorts 4"]
[Result "0-1"]
[PlyCount "80"]

1. e4 e6 2. Nf3 d5 3. exd5 exd5 4. d4 Nf6 5. c3 Bg4 6. Be2 Bd6 7. h3 Bf5 8. Bg5 Nbd7 9. Nbd2 O-O 10. O-O Re8 11. Re1 c6 12. c4 Qc7 13. c5 Bf8 14. Nh4 Be4 15. f3 Qg3 16. fxe4 Qxg5 17. e5 Ne4 18. Nhf3 Qe3+ 19. Kh1 Nf2+ 20. Kh2 Nxd1 21. Raxd1 Qf4+ 22. Kh1 Re6 23. Rg1 Be7 24. b4 Bh4 25. Nf1 Bf2 26. g3 Qh6 27. Rg2 Qxh3+ 28. Rh2 Qg4 29. Rxf2 Rh6+ 30. N1h2 Qxg3 31. Rg2 Qf4 32. Rdg1 Rg6 33. a4 Rxg2 34. Rxg2 Re8 35. b5 Re6 36. Bd3 Rh6 37. Kg1 Qe3+ 38. Kh1 Qxf3 39. Be2 Qe4 40. Kg1 Qxd4+ 0-1

[Event "4NCL Online Division 7"]
[Site "online"]
[Date "2021.04.06"]
[EventDate "2021.04.06"]
[Round "6.314"]
[White "Duffy, Laurence"]
[WhiteElo "1312"]
[WhiteTeam "Redbridge All Sorts 4"]
[Black "Ritchie, Stephen"]
[BlackElo "1164"]
[BlackTeam "Far, Far Away"]
[Result "0-1"]
[PlyCount "110"]

1. Nf3 d6 2. a3 Bg4 3. Nd4 e5 4. Nb3 Nc6 5. d3 Be7 6. N1d2 Nf6 7. h3 Be6 8. e4 O-O 9. c3 d5 10. Be2 dxe4 11. dxe4 Qd7 12. a4 a6 13. a5 Rad8 14. f3 Nh5 15. h4 Ng3 16. Rh2 Nxe2 17. Qxe2 Qd3 18. Qf2 Bxb3 19. Rh3 Qc2 20. Qe2 Be6 21. g4 Rd3 22. Rh2 Bc5 23. Qd1 Qxd1+ 24. Kxd1 Be3 25. Kc2 Rfd8 26. b4 Bxd2 27. Bxd2 Rxf3 28. g5 Na7 29. Re1 Nb5 30. Kb2 Rdd3 31. Rc1 Bc4 32. h5 Kf8 33. g6 h6 34. Rg2 f6 35. Kc2 Nxc3 36. Bxh6 gxh6 37. g7+ Kg8 38. Rcg1 Nxe4 39. Kc1 Ng5 40. Rg4 Be6 41. R4g2 Kxg7 42. Kb2 Bd5 43. Rc2 c6 44. Rgg2 Rb3+ 45. Ka1 Rf1+ 46. Ka2 Bxg2 47. Kxb3 Bd5+ 48. Kc3 Rf4 49. Rc1 Rc4+ 50. Kd2 Rxc1 51. Kxc1 Kf7 52. Kd2 Ke6 53. Ke3 Kf5 54. Kd3 Ne6 55. Ke3 Kg5 0-1

[Event "4NCL Online Division 7"]
[Site "online"]
[Date "2021.04.06"]
[EventDate "2021.04.06"]
[Round "6.321"]
[White "Al-Neyadi, Suroor"]
[WhiteElo "1678"]
[WhiteTeam "RCSI Team 2"]
[Black "Phillips, David"]
[BlackElo "1410"]
[BlackTeam "MK Phoenix 5"]
[Result "0-1"]
[PlyCount "62"]

1. e4 d5 2. exd5 Qxd5 3. d4 Nc6 4. Nf3 Bg4 5. Be2 Nf6 6. O-O Bxf3 7. Bxf3 Qd7 8. c3 e6 9. Bf4 Bd6 10. Bxd6 Qxd6 11. Qb3 Rb8 12. Na3 O-O 13. Nc4 Qf4 14. Bxc6 bxc6 15. Qd1 Rfe8 16. Re1 Ng4 17. Qf3 Qxh2+ 18. Kf1 Qh5 19. Qh3 Nh2+ 20. Kg1 Qxh3 21. gxh3 Nf3+ 22. Kg2 Nxe1+ 23. Rxe1 h6 24. b3 Rb5 25. Ne5 c5 26. dxc5 Rxc5 27. c4 Ra5 28. Re2 f6 29. Nc6 Ra6 30. Nb4 Rb6 31. Nd5 Rb7 0-1

[Event "4NCL Online Division 7"]
[Site "online"]
[Date "2021.04.06"]
[EventDate "2021.04.06"]
[Round "6.322"]
[White "Molleker, Stanislav"]
[WhiteElo "1400"]
[WhiteTeam "MK Phoenix 5"]
[Black "Dykes, Amy"]
[BlackElo "1366"]
[BlackTeam "RCSI Team 2"]
[Result "1/2-1/2"]
[PlyCount "55"]

1. b3 d5 2. Bb2 Nc6 3. e3 Nf6 4. c4 Nb4 5. a3 Na6 6. cxd5 Nxd5 7. Bxa6 bxa6 8. Nf3 e6 9. O-O Bd6 10. Bxg7 Rg8 11. Bb2 Bb7 12. Nc3 Nxc3 13. Bxc3 Bxf3 14. Qxf3 Rb8 15. b4 Rb5 16. Bf6 Bxh2+ 17. Kxh2 Qd6+ 18. g3 Kd7 19. Bd4 Rf5 20. Qe4 Rxf2+ 21. Rxf2 Qxg3+ 22. Kh1 Qxf2 23. Rc1 Qg3 24. Qc6+ Kc8 25. Qa8+ Kd7 26. Qc6+ Kc8 27. Qa8+ Kd7 28. Qc6+ 1/2-1/2

[Event "4NCL Online Division 7"]
[Site "online"]
[Date "2021.04.06"]
[EventDate "2021.04.06"]
[Round "6.323"]
[White "Cummins, Harry"]
[WhiteElo "1422"]
[WhiteTeam "RCSI Team 2"]
[Black "Cox, David"]
[BlackElo "1252"]
[BlackTeam "MK Phoenix 5"]
[Result "0-1"]
[PlyCount "52"]

1. c4 Nf6 2. Nc3 e5 3. g3 d6 4. Bg2 g6 5. e3 Bg7 6. Nge2 Nbd7 7. O-O O-O 8. b4 Rb8 9. a4 Re8 10. d4 exd4 11. exd4 c6 12. b5 cxb5 13. cxb5 a6 14. Qb3 axb5 15. Nxb5 Nb6 16. Bf4 Rxe2 17. Nxd6 Be6 18. Qd3 Ra2 19. Rxa2 Bxa2 20. d5 Nfxd5 21. Qe4 Nxf4 22. gxf4 Qxd6 23. Re1 Qe6 24. a5 Qxe4 25. Bxe4 Nc4 26. Ra1 Bxa1 0-1

[Event "4NCL Online Division 7"]
[Site "online"]
[Date "2021.04.06"]
[EventDate "2021.04.06"]
[Round "6.324"]
[White "Wayne, Steven"]
[WhiteElo "1205"]
[WhiteTeam "MK Phoenix 5"]
[Black "McNee, Molly"]
[BlackElo "1023"]
[BlackTeam "RCSI Team 2"]
[Result "1-0"]
[PlyCount "127"]

1. c4 e5 2. Nc3 Nf6 3. g3 Nc6 4. Bg2 Na5 5. d3 h6 6. Nf3 Nh5 7. O-O d6 8. Qa4+ Nc6 9. e4 a6 10. Qd1 Be7 11. Nd2 Nf6 12. a3 O-O 13. Nf3 Na5 14. b4 Nc6 15. Bb2 b6 16. Nd5 b5 17. cxb5 axb5 18. Qc1 Bb7 19. Ne3 Nh5 20. Nf5 Bf6 21. d4 g6 22. Nxh6+ Kh7 23. d5 Ne7 24. Ng4 Kg7 25. Qh6+ Kg8 26. Nxf6+ Nxf6 27. Qh4 Nh5 28. Qg5 f5 29. Qd2 fxe4 30. Ng5 Nxd5 31. Ne6 Qe8 32. Nxf8 Qxf8 33. Bxe4 Qf7 34. Qd3 Nhf6 35. Bxg6 Qg7 36. Bf5 Re8 37. Qxb5 c6 38. Qc4 Qh6 39. Bc1 Qh5 40. Qh4 Qxf5 41. Bg5 Nh7 42. Qh5 Rf8 43. h4 Nc3 44. Qh6 d5 45. Qd6 Nb5 46. Qc5 d4 47. a4 Nc3 48. a5 Ba6 49. Qxc6 Bb5 50. Qc5 Nxg5 51. hxg5 Qxg5 52. Rfe1 Re8 53. a6 Na4 54. Qxb5 Rf8 55. a7 Nc3 56. Qc4+ Kg7 57. a8=Q Rxa8 58. Rxa8 Qd2 59. Ra7+ Kg6 60. Qf7+ Kg5 61. Rxe5+ Kg4 62. Qg7+ Kf3 63. Rf7+ Qf4 64. Rxf4# 1-0

[Event "4NCL Online Division 7"]
[Site "online"]
[Date "2021.04.06"]
[EventDate "2021.04.06"]
[Round "6.332"]
[White "Sanfey, Peter"]
[WhiteElo "1254"]
[WhiteTeam "Barnet Knights E"]
[Black "Burke, Alexander"]
[BlackElo "1187"]
[BlackTeam "Manchester Juniors D"]
[Result "0-1"]
[PlyCount "128"]

1. e4 e5 2. Nf3 Nc6 3. Bb5 d6 4. O-O Bg4 5. b3 Nf6 6. Bxc6+ bxc6 7. Re1 Be7 8. Bb2 O-O 9. c4 c5 10. Nc3 c6 11. Re3 Qd7 12. h3 Be6 13. Ng5 Ng4 14. Nxe6 Nxe3 15. Nxf8 Nxd1 16. Nxd7 Nxb2 17. Rb1 Nd3 18. Ne2 Rd8 19. Nxc5 dxc5 20. Ng3 Nf4 21. Nf5 Bf6 22. Rd1 g6 23. Nh6+ Kg7 24. Ng4 h5 25. Ne3 Bg5 26. Kh2 Ne6 27. g3 Bxe3 28. fxe3 Ng5 29. d3 Nxe4 30. Kg2 Nc3 31. Rf1 Rxd3 32. Rf3 Nd1 33. Kg1 Rd2 34. a4 Rb2 35. e4 Re2 36. Rd3 Re1+ 37. Kg2 Re2+ 38. Kg1 Nf2 39. Rd7 Nxh3+ 40. Kf1 Rxe4 41. Rxa7 Kf6 42. Ra6 Kf5 43. Kg2 Kg4 44. Rxc6 Re2+ 45. Kf1 Rb2 46. Rf6 Rxb3 47. Rxf7 Rb6 48. Re7 Kf5 49. Kg2 Ng5 50. Rc7 Ne4 51. a5 Ra6 52. Rf7+ Ke6 53. Rg7 Kf6 54. Rc7 Rxa5 55. Kf3 Ng5+ 56. Kg2 Ra2+ 57. Kf1 Ne4 58. Ke1 Rc2 59. Rh7 Rxc4 60. Ke2 Nxg3+ 61. Kf3 Nf5 62. Rd7 Kg5 63. Rd5 Rf4+ 64. Kg2 Ne3+ 0-1

[Event "4NCL Online Division 7"]
[Site "online"]
[Date "2021.04.06"]
[EventDate "2021.04.06"]
[Round "6.333"]
[White "Eccleston, Rowan"]
[WhiteElo "1181"]
[WhiteTeam "Manchester Juniors D"]
[Black "Malus, Sean"]
[BlackElo "1330"]
[BlackTeam "Barnet Knights E"]
[Result "1-0"]
[PlyCount "63"]

1. e4 e5 2. Nf3 Nc6 3. Bb5 Bc5 4. O-O Nf6 5. d3 d6 6. Nc3 O-O 7. Bg5 Be6 8. d4 exd4 9. Nxd4 Bxd4 10. Bxc6 bxc6 11. Qxd4 h6 12. Bh4 Qc8 13. Bxf6 gxf6 14. Qxf6 Bh3 15. Qxh6 Qg4 16. Qxh3 Qxh3 17. gxh3 Kh8 18. Kh1 Rg8 19. Rg1 Rg7 20. Rxg7 Kxg7 21. Rg1+ Kh8 22. Ne2 Rg8 23. Rxg8+ Kxg8 24. Nf4 d5 25. exd5 cxd5 26. Nxd5 c6 27. Ne7+ Kf8 28. Nxc6 Kg7 29. Nxa7 f6 30. b4 Kg6 31. b5 f5 32. b6 1-0

[Event "4NCL Online Division 7"]
[Site "online"]
[Date "2021.04.06"]
[EventDate "2021.04.06"]
[Round "6.341"]
[White "Scheffel, Charlie"]
[WhiteElo "1167"]
[WhiteTeam "Barnet Knights F"]
[Black "McCullagh, Tim"]
[BlackElo "1390"]
[BlackTeam "Wessex Some Stars H"]
[Result "0-1"]
[PlyCount "96"]

1. e4 e5 2. Nf3 Nf6 3. Nc3 Bc5 4. Bc4 d6 5. h3 h6 6. d3 a6 7. Be3 Nbd7 8. O-O c6 9. Qd2 Qc7 10. a3 b5 11. Ba2 b4 12. Bxc5 bxc3 13. Qxc3 Nxc5 14. Nxe5 dxe5 15. Qxc5 Nd7 16. Qc4 O-O 17. Rae1 Nb6 18. Qc3 Na4 19. Qb3 Nc5 20. Qc4 Ne6 21. Re3 a5 22. Rg3 Ba6 23. Qc3 Nf4 24. Qd2 Rab8 25. b3 c5 26. Re1 Nh5 27. Rg4 Bc8 28. Rh4 Nf4 29. Re3 Qe7 30. Rxf4 exf4 31. Rf3 g5 32. h4 Bg4 33. Rh3 Bxh3 34. gxh3 gxh4 35. Kh2 Qd6 36. f3 Kh8 37. Qc3+ f6 38. Qe1 Qd4 39. Qxh4 Kh7 40. Qg4 Qf2+ 41. Kh1 Rg8 42. Qf5+ Rg6 43. Qd7+ Kh8 44. Qg4 Rxg4 45. hxg4 Qxf3+ 46. Kh2 Qxg4 47. c3 Rg8 48. Bb1 Qg2# 0-1